Investigación y mediación en patrimonio cultural : museos, entornos y paisajes sensoriales /

Bibliographic Details
Other Authors: Pérez Valero, Manuel (Editor), Álvarez Rodríguez, Dolores, 1966- (Editor), Fontal, Olaia (ditor.)
Format: Electronic eBook
Language:Spanish
Published: Madrid : Dykinson, S.L., 2023.
Edition:1a edición.
Series:Colección Conocimiento contemporáneo ; 114.
Subjects:
Online Access:Digitalia Hispánica

MARC

LEADER 00000nam a2200000 i 4500
001 DIGDYK3180
003 NyNyDIG
007 cr |||||||||||
008 240604s2023 sp a ob 000 0 spa d
006 m o d
035 |a (OCoLC)1423777501 
040 |a DGITA  |b eng  |e rda  |e pn  |c DGITA 
020 |a 9788411228282  |q eBook 
050 1 4 |a K3791 ebook 
245 0 0 |a Investigación y mediación en patrimonio cultural :  |b museos, entornos y paisajes sensoriales /  |c coords., Manuel Pérez Valero, Dolores Álvares Rodríguez, Olaia Fontal Merillas. 
250 |a 1a edición. 
264 1 |a Madrid :  |b Dykinson, S.L.,  |c 2023. 
300 |a 1 online resource :  |b illustrations. 
336 |a text  |b txt  |2 rdacontent 
337 |a computer  |b c  |2 rdamedia 
338 |a online resource  |b cr  |2 rdacarrier 
347 |a text file  |2 rdaft 
347 |b PDF 
490 1 |a Colección Conocimiento contemporáneo ;  |v no. 114 
504 |a Includes bibliographical references. 
588 0 |a Online resource; title from PDF title page (Digitalia, viewed June 4, 2024) 
650 0 |a Cultural property. 
700 1 |a Pérez Valero, Manuel,  |e editor. 
700 1 |a Álvarez Rodríguez, Dolores,  |d 1966-  |e editor. 
700 1 |a Fontal, Olaia,  |e ditor. 
791 2 |a Digitalia (Firm),  |e distributor. 
793 0 |g Digitalia eBook Collection:  |a Dykinson Editorial 
830 0 |a Colección Conocimiento contemporáneo ;  |v 114. 
856 4 0 |3 Digitalia Hispánica  |u https://www.digitaliapublishing.com/a/143815/ 
910 |a Premium collection: 2024